| 000 | 00538nam a2200181Ia 4500 | ||
|---|---|---|---|
| 003 | GCL | ||
| 008 | 140319s9999 xx 000 0 ara d | ||
| 040 |
_aGCL / _cGCL |
||
| 082 | 0 | 4 |
_a252.2 _bا خ |
| 100 | 1 | _aابن رجب الحنبلى | |
| 245 | 1 | 0 |
_aالخشوع فى الصلاة / _cابن رجب الحنبلى |
| 260 |
_a[S.N] : _bالمكتبة القيمة للطباعة والنشر والتوزيع ، _c1987 |
||
| 300 | _a58 ص | ||
| 490 | _a | ||
| 650 | 0 | 4 | _aالاسلام |
| 650 | 0 | 4 | _aالصلاة |
| 942 |
_2ddc _cBK |
||
| 999 |
_c30501 _d30501 |
||